導出完成 — 

Les Besquilles du capital

Shranjeno v:
Bibliografske podrobnosti
Glavni avtor: Pors, Anicet le
Format: Knjiga
Jezik:Undetermined
Izdano: Paris Éditions du seuil 1977
Teme:
Oznake: Označite
Brez oznak, prvi označite!
Thư viện lưu trữ: Trung tâm Học liệu Trường Đại học Cần Thơ
LEADER 00526nam a2200193Ia 4500
001 CTU_80367
008 210402s9999 xx 000 0 und d
082 |a 338.944 
082 |b L433 
100 |a Pors, Anicet le 
245 0 |a Les Besquilles du capital 
245 0 |c Anicet le Pors 
260 |a Paris 
260 |b Éditions du seuil 
260 |c 1977 
650 |a Government lending,Industrial policy 
650 |z France,France 
904 |i Trọng Hải 
980 |a Trung tâm Học liệu Trường Đại học Cần Thơ